00373nam a22001337a 4500008004100000020001800041040005500059080002100114100002200135245002600157260003200183300001100215650001300226230621b |||||||| |||| 00| 0 eng d a9780333318256 aNational Science LibrarycNational Science Library aR 620.9(038)bM2 aSlesser, Malcolm  a Dictionary of energy aLondon: bMacmillan, c1982 a299p.  aScience